Un abc para neofitos interesados; traduciendo la critica de arte plastico (recorte) /

Guardado en:
Autor Principal: Baron Biza Jorge
Formato: Libro
Publicado: : , 1993
Series:First N§ 76
Materias:
Fc
Etiquetas: Agregar Etiqueta
Sin Etiquetas, Sea el primero en etiquetar este registro!
LEADER 00506nam a22001815a 4500
001 CEM.cems009180
005 20060214000000.0
008 130507s1993##################000#0#####d
003 CEMS
082 0 4 |a F709 
100 1 |a Baron Biza Jorge 
245 1 0 |a Un abc para neofitos interesados; traduciendo la critica de arte plastico (recorte) / 
260 |a  :  |b ,  |c 1993 
300 |a 2 p. 
490 0 |a First N§ 76 
653 |a Arte plastico 
653 |a Fc 
859 |a CEMS  |b BIB. CEMS - 11 de abril  |h F709  |i 23  |p 1440.44  |t Ej.1